000 nam a22 a 4500
999 _c3667
_d3667
003 AKMAL
005 20170523165459.0
008 170523s1984 -us 00 eng d
020 _a877623635:
_cFree
040 _aAKMAL
_cAKMAL
082 0 4 _a660.2 TOX
090 _a660.2
_bTOX
245 0 0 _aToxic and hazardous wastes :
_bProceedings of the sixteenth Mid-Atlantic industrial waste conference /
_cedited by Michael D. LaGrega and David A. Long
260 _aLancaster :
_bTechnomic Publishing,
_c1984
300 _axiii, 587p. ;
_c23cm
500 _aIncludes index
650 _aHazardous wastes
_xCongresses
_97253
700 1 _aLaGrega, Michael D.
_97254
700 1 _aLong, David A.
_97255
942 _2ddc
_cBOOK